Avaliaė̳s de Imv̤eis Rurais Norma NBR 14.653-3. ABNT Comentada /

Detalles Bibliográficos
Autor principal: Arantes, Carlos Augusto
Formato: eBook
Lenguaje:portugués
Publicado: San Pablo: LEUD - Livraria e Editora Universitr̀ia de Direito, 2017
Materias:
Acceso en línea:Acceso restringido

MARC

LEADER 00000nam a22000007a 4500
005 20180420221152.0
007 cr|||| ||||
008 180420s2017 br |||||s|||| 00||0 por d
020 |a 978-85-7456-337-4 
035 |a 21447 
040 |a vLex 
090 |c 7791  |d 7791 
100 1 |a Arantes, Carlos Augusto 
245 1 0 |a Avaliaė̳s de Imv̤eis Rurais  |h [Recurso electrn̤ico] :  |b Norma NBR 14.653-3. ABNT Comentada /  |c Carlos Augusto Arantes 
256 |a Servicio en ln̕ea 
260 |a San Pablo:  |b LEUD - Livraria e Editora Universitr̀ia de Direito,  |c 2017 
300 |a 1 recurso electrn̤ico 
500 |a O Instituto de Perc̕ias e Engenharia de Avaliaė̳s do Rio Grande do Sul – IBAPE-RS, tem desempenhado importante papel como entidade de classe e continua a esta obra invulgar e de alta qualidade, ora em segunda ediȯ̂. A atividade de avaliaȯ̂ e perc̕ia ̌um exercc̕io de pura engenharia, e sua aplicaȯ̂ requer um profissional especializado e atualizado. Os autores, que sô profissionais de larga experin̊cia, por militarem h ̀mais de 25 anos nesta r̀ea, trazem um trabalho inďito, demostrando a forma de entendimento e uso da NBR 14653-3 da ABNT nas avaliaė̳s e perc̕ias de imv̤eis rurais. Espera-se que este livro seja de grande valia para a comunidade tčnica e cientf̕ica. 
506 1 |a Disponible solo en los productos indicados  |d vLex Global  |d vLex Global (Academic Edition, excluding Law Schools)  |d vLex Global (U.S. Academic Edition, Law Schools)  |d vLex Global (U.S. Academic Edition, excluding Law Schools)  |d vLex Global (Academic Edition, Law Schools) 
650 0 4 |a Derecho Civil  |z Brasil 
740 0 |a vLex Libros (Servicio en ln̕ea) 
856 4 0 |u http://vlex.com/source/avalia-es-de-imoveis-rurais-norma-nbr-14-653-3-abnt-comentada-21447  |z Acceso restringido 
942 |c BOOK 
999 0 |a Civil Law